Bihar Rajya transport: progress and development (Record no. 498489)

000 -LEADER
fixed length control field 00365cam a22001097a 4500
008 - FIXED-LENGTH DATA ELEMENTS--GENERAL INFORMATION
fixed length control field 180718b1957 xxu||||| |||| 00| 0 eng d
082 ## - DEWEY DECIMAL CLASSIFICATION NUMBER
Classification number Wx5413
245 ## - TITLE STATEMENT
Title Bihar Rajya transport: progress and development
Statement of responsibility, etc. by Public Relations Department, Bihar
260 ## - PUBLICATION, DISTRIBUTION, ETC.
Place of publication, distribution, etc. Patna
Name of publisher, distributor, etc. Public Relations Department
Date of publication, distribution, etc. 1957
300 ## - PHYSICAL DESCRIPTION
Extent 16+p.
700 ## - ADDED ENTRY--PERSONAL NAME
Personal name Bihar. Public Relations Department
Holdings
Withdrawn status Lost status Damaged status Not for loan Permanent Location Current Location Date acquired Full call number Barcode Date last seen Price effective from Koha item type
        Indian Institute of Public Administration Indian Institute of Public Administration 2018-08-04 Wx5413 GG32859 2018-08-04 2018-08-04 GG

Powered by Koha